| 000 | 00605nam a2200205 a 4500 | ||
|---|---|---|---|
| 005 | 20140311163004.0 | ||
| 008 | 030909s19uu xx 00 eng d | ||
| 020 | _a0335212360 | ||
| 050 |
_aRC 454 _b.B446 2003 |
||
| 100 | _aBennet, Paul | ||
| 245 |
_aAbnormal and clinical psychology : _ban introductory textbook / _cPaul Bennett. |
||
| 260 |
_aMaidenhead : _bOpen University Press, _c2003. |
||
| 300 |
_axiii, 442 p. : _c24 cm. |
||
| 500 | _aIncludes Index | ||
| 521 | _aPSYCH | ||
| 650 | _aPsychological, Pathological | ||
| 650 | _aClinical psychology | ||
| 942 |
_cBK _2lcc _kFOR |
||
| 999 |
_c39274 _d39274 |
||